Пропуск в контексте

ЖЕЛЕЗОБЕТОННЫЕ КОНСТРУКЦИИ МНОГОЭТАЖНЫХ ЗДАНИЙ учебное пособие

Рассмотрены вопросы проектирования сборных и монолитных железобетонных конструкций многоэтажных зданий. Приведены необходимые теоретические сведения, практический пример расчета, конструктивные решения, чертежи и схемы. Для студентов строительных вузов, обучающихся по специальности "Промышленно...

Fuld beskrivelse

Сохранить в:
Bibliografiske detaljer
Hovedforfatter: Кузнецов В.С
Format: Книга
Fag:
Online adgang:https://www.studentlibrary.ru/book/ISBN9785930937664.html
Tags: Tilføj Tag
Ingen Tags, Vær først til at tagge denne postø!
LEADER 01799nam a2200253 4500
001 book/ISBN9785930937664
005 20250903142001.0
010 |a 978-5-93093-766-4 
100 |a 20140708c2010 u y0rusy50 ca 
101 | |a rus 
102 |a RU 
105 |a ||||||||000yy 
200 1 |a ЖЕЛЕЗОБЕТОННЫЕ КОНСТРУКЦИИ МНОГОЭТАЖНЫХ ЗДАНИЙ  |e учебное пособие  |f Кузнецов В.С. 
210 1 |a Москва  |c АСВ  |d 2010 
215 |a 198 c. 
330 |a Рассмотрены вопросы проектирования сборных и монолитных железобетонных конструкций многоэтажных зданий. Приведены необходимые теоретические сведения, практический пример расчета, конструктивные решения, чертежи и схемы. Для студентов строительных вузов, обучающихся по специальности "Промышленное и гражданское строительство", а также студентов других специальностей высших учебных заведений, изучающих дисциплину "Железобетонные и каменные конструкции". 
610 0 |a Гражданские здания 
610 0 |a Железобетонные конструкции 
610 0 |a Промышленные здания 
610 0 |a Техника и технологии строительства 
700 1 |a Кузнецов  |b В.С. 
801 0 |a RU  |b Geotar  |c 20140708  |g RCR  |2 rusmarc 
801 1 |a RU  |b Geotar  |c 20140708 
856 4 |u https://www.studentlibrary.ru/book/ISBN9785930937664.html 
Cannot write session to /tmp/vufind_sessions/sess_156spv1ph6jq2jjhppf9iud3t2